000 00594nam a2200217Ia 4500
005 20250326144251.0
008 250326s9999 xx 000 0 und d
020 _a978-3-540-89077-5
037 _aTextbook
040 _aFMSL
_beng
_cFMSL
041 _aeng
_2eng
084 _aX.44 P9
_qFMSL
100 _aMessner Wolfgang
_937715
245 0 _aWorking with india
_cMessner Wolfgang
260 _aHeidelberg
_bHeidelberg, SPRINGER
_c2009
300 _axiii,178
365 _b2398.7939999999999
650 _aManagement
942 _cTB
_hX.44 P9
999 _c1303058
_d1303058